| 000 | 01425cab a22002295a 4500 | ||
|---|---|---|---|
| 001 | L143235 | ||
| 008 | 080418s2008 xxk f v 000 0 eng d | ||
| 035 | _a(Sirsi) u143235 | ||
| 041 | 0 | _aeng | |
| 245 | 0 | 0 |
_aService charges _bdate for payment, terms of the lease |
| 260 | _c2008 | ||
| 490 | 0 |
_aCommercial Leases _v22(2) March 2008, 1314-1317(4) |
|
| 520 | _aSummarises and discusses the case of Leonora Investment Company Ltd v Mott MacDonald Ltd [2008] 136 (QB). Notes that service charges are usually important to commercial tenants who need to keep an eye on occupancy costs. Service charges can sometimes be greater than the rack rental. Covers the background to the case; the preliminary issue; the leases (including extracts from the lease); submissions and the decision. Finds this is an important case for landlords and tenants as well as managing agents. Concludes that the preparation and issue of service documentation is onerous but essential and must be done with the utmost care. | ||
| 590 | _aKA | ||
| 650 | 2 | 4 | _aLEONORA V MOTT MACDONALD |
| 650 | 2 | 4 | _aUNIVERSITIES SUPERANNUATION SCHEME LTD V MARKS & SPENCER PLC |
| 650 | 2 | 4 | _aFINCHBOURNE LTD V RODRIGUES |
| 650 | 2 | 4 | _aNORTHWAYS FLATS MANAGEMENT COMPANY(CAMDEN) LTD V WIMPEY PENSION TRUSTEES LTD |
| 651 | 4 |
_aEngland and Wales _y1543- |
|
| 690 | _aPROPERTY-COMMERCIAL PROPERTY-COMMERCIAL LANDLORD AND TENANT-COMMERCIAL SERVICE CHARGES | ||
| 942 | _n0 | ||
| 999 |
_c80102 _d80102 |
||